Normal view
MARC view
- Román Martínez, Carmen (coord.) - Mariño Rico, Águeda - Martínez Higuera, Mariela
Entry NOMBRE PERSONAL
001 - NUMERO DE CONTROL DEL REGISTRO
- Campo de control: 429369
003 - IDENTIFICADOR DEL NÚMERO DE CONTROL
- Campo de control: ES-SlBCS
005 - FECHA Y HORA DE LA ÚLTIMA TRANSACCIÓN
- Campo de control: 20260309093537.0
008 - ELEMENTOS DE LONGITUD FIJA
- Campos de control de longitud fija: 260309|| aca||aabn | a|a d
040 ## - FUENTE DE LA CATALOGACIÓN
- Agencia que crea de manera original el registro: ES-SlBCS
- Agencia que realiza la transcripción: ES-SlBCS
100 ## - ENCABEZAMIENTO - NOMBRE PERSONAL
- Nombre personal: Román Martínez, Carmen (coord.) - Mariño Rico, Águeda - Martínez Higuera, Mariela
670 ## - FUENTE EN LA QUE SE LOCALIZARON DATOS
- Cita de la fuente: Work cat.: (ES-SlBCS): Román Martínez, Carmen (coord.) - Mariño Rico, Águeda - Martínez Higuera, Mariela, Mientras haya personas, hay esperanza., 2026
